000 00579nam a22001937a 4500
003 OSt
005 20140310182208.0
008 130905t xxu||||| |||| 00| 0 eng d
020 _a2940103011
050 _aT 49.5
_b.F312 1994
082 _aHS 608
_bF333 1994
100 _aFeldman, Clarence
_916569
245 _aInternational invention guide /
_cClarence Feldman.
260 _aSwitzerland :
_bInternational Federation of Inventor's Associations,
_cc1994.
300 _a112 p. :
_c21 cm.
650 _aInventions
_xguide.
_916570
942 _2lcc
_cHS
999 _c10379
_d10379